[Event "Gilbert Cup"]
[Site "Cardiff"]
[Date "2017.07.25"]
[Round "3.6"]
[White "Weaver, Lauren"]
[Black "Lutchman Singh, Aishwarya"]
[Result "1/2-1/2"]
[WhiteElo "1641"]
[BlackElo "1417"]
[PlyCount "110"]
[EventDate "2017.07.24"]
[EventType "team-tourn"]
[EventRounds "5"]
[EventCountry "WLS"]
[SourceTitle "CBM 179 Extra"]
[Source "ChessBase"]
[SourceDate "2017.08.23"]
[SourceVersion "1"]
[SourceVersionDate "2017.08.23"]
[SourceQuality "1"]
[WhiteTeam "England (W)"]
[BlackTeam "Wales (W) II"]
[WhiteTeamCountry "ENG"]
[BlackTeamCountry "WLS"]

1. d4 Nf6 2. Nf3 d6 3. Nc3 Nbd7 4. e4 e5 5. dxe5 dxe5 6. Bc4 Bc5 7. 0-0 0-0 8. Bg5 Qe8 9. a3 h6 10. Bd2 a6 11. b4 Ba7 12. Qe2 b5 13. Bb3 Bb7 14. Be3 c5 15. Bd5 Nxd5 16. Nxd5 Bxd5 17. exd5 e4 18. Nh4 Qe5 19. g3 Qxd5 20. Rfd1 Qe6 21. a4 Rfd8 22. axb5 axb5 23. Qxb5 Rab8 24. Qa4 Ra8 25. Ng2 Bb6 26. Qb5 Rxa1 27. Rxa1 cxb4 28. Bxb6 Qxb6 29. Qc4 Qb7 30. Qd4 Rc8 31. Ra7 Qc6 32. Qxd7 Qxd7 33. Rxd7 Rxc2 34. Ne3 Rc1+ 35. Rd1 Rxd1+ 36. Nxd1 Kf8 37. Kf1 Ke7 38. Ke2 Kd6 39. Kd2 Kd5 40. Kc2 Kc4 41. Ne3+ Kd4 42. Kb3 Kd3 43. Kxb4 Ke2 44. Kc4 Kxf2 45. Kd4 Kf3 46. Nf5 g5 47. Ne3 h5 48. Nf5 f6 49. Ne3 h4 50. Nd5 hxg3 51. hxg3 Kxg3 52. Nxf6 Kf4 53. Nxe4 g4 54. Kd3 g3 55. Nxg3 Kxg3 1/2-1/2

[Event "BCF-chT4S 1617 (4NCL)"]
[Site "England"]
[Date "2017.02.12"]
[Round "6.36"]
[White "Weaver, Lauren"]
[Black "Lovell, William Pm"]
[Result "0-1"]
[WhiteElo "1664"]
[BlackElo "1817"]
[PlyCount "56"]
[EventDate "2016.11.26"]
[EventType "team-swiss"]
[EventRounds "11"]
[EventCountry "ENG"]
[SourceTitle "EXT 2019"]
[Source "ChessBase"]
[SourceDate "2018.10.10"]
[SourceVersion "1"]
[SourceVersionDate "2018.10.10"]
[SourceQuality "1"]
[WhiteTeam "CSC Rhinos"]
[BlackTeam "Wood Green II"]
[WhiteTeamCountry "ENG"]
[BlackTeamCountry "ENG"]

1. d4 d5 2. Nf3 Nf6 3. e3 c6 4. Bd3 Bg4 5. Nbd2 Nbd7 6. Be2 e6 7. b3 Bd6 8. Bb2 0-0 9. Ne5 Bxe2 10. Qxe2 c5 11. f4 Rc8 12. Qd3 a6 13. a4 Qb6 14. 0-0 cxd4 15. Bxd4 Bc5 16. Ndf3 Nxe5 17. Nxe5 Rfd8 18. Kh1 Qa5 19. Qd1 Ne4 20. f5 Bxd4 21. exd4 Qd2 22. Qh5 Rxc2 23. Qf3 Nf2+ 24. Kg1 Qxd4 25. fxe6 Ng4+ 26. Kh1 Nxe5 27. exf7+ Kf8 28. Qg3 Qg4 0-1

[Event "London Classic op U2050-A 8th"]
[Site "London"]
[Date "2016.12.11"]
[Round "4"]
[White "Mallevaey, Guillaume"]
[Black "Weaver, Lauren"]
[Result "1-0"]
[WhiteElo "1835"]
[BlackElo "1709"]
[PlyCount "79"]
[EventDate "2016.12.09"]
[EventType "swiss"]
[EventRounds "5"]
[EventCountry "ENG"]
[SourceTitle "EXT 2019"]
[Source "ChessBase"]
[SourceDate "2018.10.10"]
[SourceVersion "1"]
[SourceVersionDate "2018.10.10"]
[SourceQuality "1"]

1. c4 e5 2. g3 Nc6 3. Bg2 f5 4. Nc3 Nf6 5. d3 Be7 6. Nf3 d6 7. 0-0 0-0 8. e4 Qe8 9. Nd5 Bd8 10. Qc2 Qh5 11. Nxf6+ Bxf6 12. c5 f4 13. d4 Bd8 14. dxe5 dxe5 15. b4 Bh3 16. b5 Ne7 17. Bxh3 Qxh3 18. Qb3+ Kh8 19. Nxe5 fxg3 20. Qxg3 Qh5 21. Bb2 Rf6 22. Kh1 Ng6 23. Qg4 Qxg4 24. Nxg4 Rf4 25. f3 Nh4 26. Ne3 c6 27. bxc6 bxc6 28. Rg1 Bf6 29. e5 Be7 30. e6 Bf6 31. Bxf6 Rxf6 32. Ng4 Rxe6 33. Rae1 Rxe1 34. Rxe1 Rd8 35. Ne5 Rf8 36. Nxc6 Nxf3 37. Rf1 Rf6 38. Nxa7 Rf7 39. Nb5 g5 40. c6 1-0

[Event "London Classic op U2050-A 8th"]
[Site "London"]
[Date "2016.12.11"]
[Round "5"]
[White "Weaver, Lauren"]
[Black "Hafstad, Leif"]
[Result "1/2-1/2"]
[WhiteElo "1709"]
[BlackElo "1613"]
[PlyCount "37"]
[EventDate "2016.12.09"]
[EventType "swiss"]
[EventRounds "5"]
[EventCountry "ENG"]
[SourceTitle "EXT 2019"]
[Source "ChessBase"]
[SourceDate "2018.10.10"]
[SourceVersion "1"]
[SourceVersionDate "2018.10.10"]
[SourceQuality "1"]

1. d4 d5 2. Nf3 Nf6 3. Nc3 e6 4. e3 Nbd7 5. Bd3 c5 6. b3 Bd6 7. 0-0 0-0 8. Bb2 b6 9. Ne2 Bb7 10. Ne5 Qc7 11. f4 cxd4 12. exd4 Ne4 13. Qe1 f5 14. Kh1 Ndf6 15. h3 Rac8 16. Qh4 Be7 17. Qe1 Bd6 18. Qh4 Be7 19. Qe1 1/2-1/2

[Event "London Classic op U2050-A 8th"]
[Site "London"]
[Date "2016.12.10"]
[Round "2"]
[White "Watson, Jacob"]
[Black "Weaver, Lauren"]
[Result "1/2-1/2"]
[WhiteElo "1841"]
[BlackElo "1709"]
[PlyCount "104"]
[EventDate "2016.12.09"]
[EventType "swiss"]
[EventRounds "5"]
[EventCountry "ENG"]
[SourceTitle "EXT 2019"]
[Source "ChessBase"]
[SourceDate "2018.10.10"]
[SourceVersion "1"]
[SourceVersionDate "2018.10.10"]
[SourceQuality "1"]

1. d4 Nf6 2. Nf3 g6 3. g3 Bg7 4. c4 0-0 5. Bg2 d6 6. 0-0 Nbd7 7. Nc3 c5 8. d5 a6 9. a4 Ne8 10. Bf4 Ndf6 11. Qd2 Bf5 12. Rfe1 Ne4 13. Nxe4 Bxe4 14. Bh6 Nc7 15. Bxg7 Kxg7 16. b4 b5 17. axb5 axb5 18. Qc3+ Kg8 19. cxb5 Nxd5 20. Qc4 Rxa1 21. Rxa1 Bxf3 22. Bxf3 Nxb4 23. Ra8 Qb6 24. Rxf8+ Kxf8 25. e3 e6 26. Be2 Qa5 27. Qf4 Qc7 28. Qf6 c4 29. Qc3 Qc5 30. Qxc4 Qxc4 31. Bxc4 Ke7 32. b6 Kd8 33. Bb5 Nd5 34. b7 Kc7 35. Be8 Kxb7 36. Bxf7 Nc7 37. Kg2 Kc6 38. Bg8 h6 39. Bf7 g5 40. Kf3 Kd7 41. Bg6 Ne8 42. Bc2 d5 43. Ba4+ Ke7 44. Bxe8 Kxe8 45. g4 e5 46. Kg3 Kd7 47. f4 d4 48. exd4 exf4+ 49. Kf3 Kd6 50. Ke4 Ke6 51. d5+ Kd6 52. Kd4 Kd7 1/2-1/2

[Event "London Classic op U2050-A 8th"]
[Site "London"]
[Date "2016.12.09"]
[Round "1"]
[White "Weaver, Lauren"]
[Black "Marin Aso, Jose Luis"]
[Result "0-1"]
[WhiteElo "1709"]
[BlackElo "1882"]
[PlyCount "108"]
[EventDate "2016.12.09"]
[EventType "swiss"]
[EventRounds "5"]
[EventCountry "ENG"]
[SourceTitle "EXT 2019"]
[Source "ChessBase"]
[SourceDate "2018.10.10"]
[SourceVersion "1"]
[SourceVersionDate "2018.10.10"]
[SourceQuality "1"]

1. d4 Nf6 2. Nf3 g6 3. Nc3 Bg7 4. e4 d6 5. Be2 0-0 6. 0-0 c6 7. Bg5 Qc7 8. Qd2 b5 9. a3 a6 10. Rfe1 Nbd7 11. Bh6 e5 12. Rad1 Re8 13. Bxg7 Kxg7 14. d5 c5 15. Bf1 Nb6 16. Na2 Bg4 17. Qe3 Rac8 18. h3 Bd7 19. Rc1 Nh5 20. Nd2 Rb8 21. c4 bxc4 22. Bxc4 Bb5 23. Bxb5 axb5 24. Nb4 Nf4 25. Na6 Qe7 26. Nxb8 Rxb8 27. Nf3 c4 28. Red1 Nd3 29. Rc2 Nc5 30. Nd2 Qh4 31. Nf3 Qxe4 32. Qxe4 Nxe4 33. Nd2 Nc5 34. Nb1 Nba4 35. Nc3 Nxc3 36. Rxc3 Rc8 37. Rf1 f5 38. g4 f4 39. f3 Na4 40. Rc2 Nc5 41. h4 h6 42. Rb1 Nb3 43. Rf1 Rc5 44. Rff2 Rxd5 45. a4 Nd4 46. Rc3 Rc5 47. a5 b4 48. Rc1 Nb3 49. Rd1 d5 50. a6 Ra5 51. a7 Nd4 52. Re1 Nc6 53. Rd2 d4 54. Rc2 c3 0-1

[Event "BCF-chT4S 1617 (4NCL)"]
[Site "England"]
[Date "2016.11.27"]
[Round "2.106"]
[White "Metcalfe, Charlie P"]
[Black "Weaver, Lauren"]
[Result "0-1"]
[WhiteElo "1750"]
[BlackElo "1664"]
[PlyCount "54"]
[EventDate "2016.11.26"]
[EventType "team-swiss"]
[EventRounds "11"]
[EventCountry "ENG"]
[SourceTitle "EXT 2019"]
[Source "ChessBase"]
[SourceDate "2018.10.10"]
[SourceVersion "1"]
[SourceVersionDate "2018.10.10"]
[SourceQuality "1"]
[WhiteTeam "Wood Green II"]
[BlackTeam "CSC Hippos"]
[WhiteTeamCountry "ENG"]
[BlackTeamCountry "ENG"]

1. d4 Nf6 2. Nf3 g6 3. c4 Bg7 4. Nc3 d6 5. e4 0-0 6. Be2 e5 7. d5 a5 8. Be3 Na6 9. 0-0 Nh5 10. Ng5 Nf4 11. h4 h6 12. Nf3 Bg4 13. g3 Nxe2+ 14. Qxe2 f5 15. Qd2 Bxf3 16. Bxh6 f4 17. Bg5 Qd7 18. Qd3 Qg4 19. Kh2 Nc5 20. Qc2 Nxe4 21. Nxe4 Bxe4 22. Qb3 fxg3+ 23. Qxg3 Qxg3+ 24. fxg3 Bd3 25. Rxf8+ Rxf8 26. b3 e4 27. Rd1 Rf2+ 0-1

[Event "BCF-chT4S 1617 (4NCL)"]
[Site "England"]
[Date "2016.11.26"]
[Round "1.94"]
[White "Weaver, Lauren"]
[Black "Davies, Matthew"]
[Result "1-0"]
[WhiteElo "1664"]
[BlackElo "1958"]
[PlyCount "73"]
[EventDate "2016.11.26"]
[EventType "team-swiss"]
[EventRounds "11"]
[EventCountry "ENG"]
[SourceTitle "EXT 2019"]
[Source "ChessBase"]
[SourceDate "2018.10.10"]
[SourceVersion "1"]
[SourceVersionDate "2018.10.10"]
[SourceQuality "1"]
[WhiteTeam "CSC Hippos"]
[BlackTeam "West is Best II"]
[WhiteTeamCountry "ENG"]
[BlackTeamCountry "WLS"]

1. d4 d5 2. Nf3 Nf6 3. e3 Bf5 4. Bd3 Bxd3 5. Qxd3 c6 6. Nbd2 e6 7. 0-0 Bd6 8. b3 Nbd7 9. Bb2 Qc7 10. c4 h6 11. h3 0-0-0 12. c5 Be7 13. b4 Rdg8 14. b5 cxb5 15. Qxb5 Qc6 16. a4 a6 17. Qxc6+ bxc6 18. Rab1 Kc7 19. Bc3 Rb8 20. Ba5+ Kc8 21. Bb6 Nxb6 22. cxb6 a5 23. Rfc1 Kb7 24. Ne5 Rhc8 25. Nb3 Kxb6 26. Nxa5+ Ka6 27. Naxc6 Rxb1 28. Rxb1 Bd6 29. Rc1 Rf8 30. f3 Bxe5 31. Nxe5 Kb7 32. a5 Ne8 33. Rb1+ Kc7 34. a6 Nd6 35. Rc1+ Kd8 36. a7 Ke7 37. Rc7+ 1-0

[Event "EU-ch U18 Girls 26th"]
[Site "Prague"]
[Date "2016.08.26"]
[Round "8"]
[White "Weaver, Lauren"]
[Black "Trippold, Denise"]
[Result "0-1"]
[WhiteElo "1552"]
[BlackElo "2066"]
[PlyCount "148"]
[EventDate "2016.08.18"]
[EventType "swiss"]
[EventRounds "9"]
[EventCountry "CZE"]
[SourceTitle "CBM 174 Extra"]
[Source "ChessBase"]
[SourceDate "2016.10.10"]
[SourceVersion "1"]
[SourceVersionDate "2016.10.10"]
[SourceQuality "1"]

1. d4 Nf6 2. Nf3 g6 3. Nc3 Bg7 4. e4 d6 5. Be3 0-0 6. Qd2 Re8 7. Bh6 Bh8 8. Bc4 c6 9. h4 b5 10. Bb3 b4 11. Ne2 Nxe4 12. Qf4 d5 13. Ne5 f6 14. Nxc6 Nxc6 15. Qxe4 e6 16. Qd3 a5 17. Ba4 Ba6 18. Bb5 Bxb5 19. Qxb5 Qd6 20. h5 g5 21. Qd3 e5 22. 0-0-0 e4 23. Qh3 a4 24. Qf5 Ne7 25. Qg4 b3 26. Nc3 Kf7 27. f3 e3 28. Rhe1 Ng8 29. Bxg5 fxg5 30. Qxg5 a3 31. cxb3 axb2+ 32. Kb1 Nf6 33. Rxe3 Rxe3 34. Qxe3 Re8 35. Qg5 Rg8 36. Qd2 Nxh5 37. Rh1 Bg7 38. Kxb2 Bh6 39. Qc2 Ng3 40. Qxh7+ Bg7 41. Rd1 Rh8 42. Qc2 Rc8 43. Qd3 Qe6 44. a4 Nf5 45. Nb5 Ne3 46. Rd2 Nf5 47. g4 Ne7 48. Re2 Qc6 49. Qd2 Re8 50. f4 Nc8 51. f5 Nd6 52. Nxd6+ Qxd6 53. Rxe8 Kxe8 54. Qe3+ Kd8 55. Qd2 Qb6 56. Qg5+ Bf6 57. Qg8+ Kc7 58. Qxd5 Bxd4+ 59. Ka2 Bf6 60. Qf7+ Kd8 61. Qd5+ Kc7 62. Qd2 Qc5 63. g5 Be7 64. Qf4+ Kb7 65. Qe4+ Ka7 66. b4 Qd6 67. Qe3+ Kb8 68. f6 Qd5+ 69. Ka3 Bd6 70. Qe8+ Kc7 71. Qe3 Qc4 72. Qd2 Be5 73. Qa2 Qc1+ 74. Kb3 Qc3# 0-1

[Event "EU-ch U18 Girls 26th"]
[Site "Prague"]
[Date "2016.08.18"]
[Round "1"]
[White "Gitu, Paula Alexandra"]
[Black "Weaver, Lauren"]
[Result "1-0"]
[WhiteElo "2012"]
[BlackElo "1552"]
[PlyCount "73"]
[EventDate "2016.08.18"]
[EventType "swiss"]
[EventRounds "9"]
[EventCountry "CZE"]
[SourceTitle "CBM 174 Extra"]
[Source "ChessBase"]
[SourceDate "2016.10.10"]
[SourceVersion "1"]
[SourceVersionDate "2016.10.10"]
[SourceQuality "1"]

1. e4 d5 2. exd5 Qxd5 3. Nc3 Qd6 4. d4 Nf6 5. Nf3 c6 6. g3 Bg4 7. Bg2 e6 8. 0-0 Qc7 9. Bf4 Bd6 10. Bxd6 Qxd6 11. Qd2 Nbd7 12. Rfe1 0-0 13. Rad1 Nb6 14. Qc1 Rfd8 15. h3 Bxf3 16. Bxf3 Nbd5 17. Ne2 Qc7 18. c4 Ne7 19. b4 Rd7 20. a4 Rad8 21. g4 a5 22. b5 cxb5 23. axb5 b6 24. Qc2 Rc8 25. Rc1 Ned5 26. g5 Ne8 27. Bxd5 exd5 28. c5 Nd6 29. Qd3 Nc4 30. c6 Rdd8 31. Ng3 Qf4 32. Qf5 Qxd4 33. Re7 Nd6 34. Qf3 Qb2 35. Rce1 Qxb5 36. Nf5 f6 37. Nh6+ 1-0

[Event "BCF-chT3Sb 1516 (4NCL)"]
[Site "England"]
[Date "2016.02.14"]
[Round "6.100"]
[White "Durrant, Paul EO"]
[Black "Weaver, Lauren"]
[Result "1/2-1/2"]
[WhiteElo "1570"]
[BlackElo "1522"]
[PlyCount "79"]
[EventDate "2015.11.14"]
[EventType "team-swiss"]
[EventRounds "7"]
[EventCountry "ENG"]
[SourceTitle "EXT 2017"]
[Source "ChessBase"]
[SourceDate "2016.10.25"]
[SourceVersion "1"]
[SourceVersionDate "2016.10.25"]
[SourceQuality "1"]
[WhiteTeam "Surbiton"]
[BlackTeam "CSC Rhinos II"]
[WhiteTeamCountry "ENG"]
[BlackTeamCountry "ENG"]

1. e4 d5 2. exd5 Qxd5 3. Nc3 Qd6 4. d4 c6 5. Nf3 Nf6 6. Be2 Bg4 7. h3 Bh5 8. Ne5 Bxe2 9. Nxe2 Nbd7 10. Nc4 Qb4+ 11. Nd2 e6 12. 0-0 Be7 13. c3 Qa5 14. Nc4 Qd8 15. Bf4 Nd5 16. Bh2 N7f6 17. Ne5 0-0 18. Qb3 Qb6 19. Qc2 Bd6 20. a3 Qc7 21. c4 Ne7 22. Rfd1 Nd7 23. Nf3 Bxh2+ 24. Nxh2 Rfd8 25. Nf3 h6 26. Rd2 Nf6 27. Rad1 Ng6 28. b4 Rac8 29. Ng3 Rd7 30. Ne4 Nxe4 31. Qxe4 Qf4 32. Qxf4 Nxf4 33. Kh2 Rcd8 34. Ne5 Rd6 35. g3 Nh5 36. Kg2 Nf6 37. Kf3 Nd7 38. Nxd7 R8xd7 39. Ke4 Kf8 40. Ke3 1/2-1/2

[Event "BCF-chT2b 1516 (4NCL)"]
[Site "England"]
[Date "2015.11.14"]
[Round "1.32"]
[White "Verma, Aditya"]
[Black "Weaver, Lauren"]
[Result "1-0"]
[WhiteElo "1873"]
[BlackElo "1521"]
[PlyCount "69"]
[EventDate "2015.11.14"]
[EventType "team-tourn"]
[EventRounds "7"]
[EventCountry "ENG"]
[SourceTitle "CBM 169 Extra"]
[Source "ChessBase"]
[SourceDate "2015.12.18"]
[SourceVersion "1"]
[SourceVersionDate "2015.12.18"]
[SourceQuality "1"]
[WhiteTeam "KJCA Kings"]
[BlackTeam "BCM Dragons"]
[WhiteTeamCountry "ENG"]
[BlackTeamCountry "ENG"]

1. e4 d5 2. exd5 Qxd5 3. Nf3 Nf6 4. d4 c6 5. c4 Qd8 6. Nc3 Bg4 7. Be2 e6 8. h3 Bh5 9. 0-0 Bd6 10. Be3 0-0 11. a3 Nbd7 12. Qc2 Qc7 13. b4 Bg6 14. Qb3 Be7 15. Rfd1 Nb6 16. Ne5 Bf5 17. Bf4 Qd8 18. a4 Ne4 19. Bf3 Nxc3 20. Qxc3 Bg5 21. Bg3 Qe7 22. a5 Nd7 23. a6 Nxe5 24. Bxe5 bxa6 25. Rxa6 Rfd8 26. Rda1 Bf6 27. Bxf6 Qxf6 28. Bxc6 Rab8 29. Rxa7 Rxd4 30. Ra8 Rdd8 31. Qxf6 gxf6 32. b5 Kg7 33. Rxb8 Rxb8 34. Ra8 Rxa8 35. Bxa8 1-0

[Event "BCF-chT3S 1415 (4NCL)"]
[Site "England"]
[Date "2015.02.14"]
[Round "5.99"]
[White "Davidson, Laura"]
[Black "Weaver, Lauren"]
[Result "1-0"]
[WhiteElo "1414"]
[BlackElo "1533"]
[PlyCount "125"]
[EventDate "2014.11.15"]
[EventType "team-swiss"]
[EventRounds "6"]
[EventCountry "ENG"]
[SourceTitle "EXT 2016"]
[Source "ChessBase"]
[SourceDate "2015.10.08"]
[SourceVersion "1"]
[SourceVersionDate "2015.10.08"]
[SourceQuality "1"]
[WhiteTeam "Check Us Out"]
[BlackTeam "BCM Hippos III"]
[WhiteTeamCountry "ENG"]
[BlackTeamCountry "ENG"]

1. e4 d5 2. exd5 Qxd5 3. Nc3 Qd6 4. d4 c6 5. Nf3 Nf6 6. g3 Bg4 7. Bg2 e6 8. Bf4 Qd8 9. 0-0 Be7 10. Qd2 0-0 11. Be5 Nbd7 12. Qg5 Bxf3 13. Bxf3 Nxe5 14. Qxe5 Bd6 15. Qe2 Qc7 16. Ne4 Nxe4 17. Bxe4 Rfd8 18. c3 Rd7 19. Qh5 g6 20. Qh6 Bf8 21. Qg5 Be7 22. Qe3 Rad8 23. f4 c5 24. Rad1 cxd4 25. cxd4 Rxd4 26. Rxd4 Rxd4 27. Kh1 Qc4 28. Bg2 Bc5 29. Qe5 Bd6 30. Qe3 Bc5 31. Qe5 Bd6 32. Qe3 b6 33. Rc1 Qd3 34. Qf3 Qd2 35. Rf1 a5 36. Qb3 Bc5 37. a3 Rd3 38. Qb5 Qe3 39. Qe8+ Kg7 40. Qc6 Qe2 41. Qb5 Qe3 42. Qc4 Rd7 43. b4 Rd4 44. Qa2 axb4 45. axb4 Rxb4 46. Qa1+ Bd4 47. Qa8 Rc4 48. Qf3 b5 49. Qxe3 Bxe3 50. Re1 Bd4 51. Rb1 Kf6 52. Bf1 Rc5 53. Bxb5 g5 54. fxg5+ Kxg5 55. Be8 f5 56. Rb7 h6 57. Re7 Kg4 58. Kg2 Rc2+ 59. Kf1 Rxh2 60. Rxe6 Rh1+ 61. Kg2 Ra1 62. Rg6+ Kh5 63. Rg8# 1-0

[Event "World School-ch U15 Girls 10th"]
[Site "Juiz de Fora"]
[Date "2014.11.29"]
[Round "4"]
[White "Costa, Ane Caroline"]
[Black "Weaver, Lauren"]
[Result "1-0"]
[WhiteElo "1707"]
[BlackElo "1489"]
[PlyCount "95"]
[EventDate "2014.11.26"]
[EventType "swiss"]
[EventRounds "9"]
[EventCountry "BRA"]
[SourceTitle "EXT 2016"]
[Source "ChessBase"]
[SourceDate "2015.10.08"]
[SourceVersion "1"]
[SourceVersionDate "2015.10.08"]
[SourceQuality "1"]

1. d4 Nf6 2. c4 g6 3. Nc3 Bg7 4. e4 d6 5. Nf3 0-0 6. Be2 e5 7. 0-0 Nc6 8. d5 Ne7 9. Ne1 Nd7 10. Nd3 f5 11. f3 Nf6 12. Nf2 f4 13. g4 g5 14. Bd2 Ng6 15. Nd3 Bd7 16. Be1 a5 17. c5 h5 18. h3 Nh4 19. Bxh4 gxh4 20. cxd6 cxd6 21. Kg2 Ne8 22. Qb3 b6 23. Rac1 Qg5 24. Qxb6 hxg4 25. hxg4 Qh6 26. Rh1 Kh8 27. b4 axb4 28. Nxb4 Rc8 29. Nc6 Nf6 30. Qf2 Qg5 31. Qxh4+ Qxh4 32. Rxh4+ Nh7 33. Rch1 Bxc6 34. Rxh7+ Kg8 35. dxc6 Rxc6 36. Nd5 Rc2 37. Kf2 Rxa2 38. Ne7+ Kf7 39. Nf5 Rg8 40. Nh6+ Kf8 41. Nxg8 Kxg8 42. R7h2 Kf7 43. Ke1 Ra5 44. Bc4+ Kg6 45. Bd5 Ra3 46. Rh3 Kf6 47. Ke2 Bf8 48. Rc1 1-0

[Event "Hampstead op U2200 06"]
[Site "Hampstead"]
[Date "2013.06.30"]
[Round "5"]
[White "Sharkey, Brian"]
[Black "Weaver, Lauren"]
[Result "0-1"]
[WhiteElo "1810"]
[BlackElo "1518"]
[PlyCount "84"]
[EventDate "2013.06.29"]
[EventType "swiss"]
[EventRounds "5"]
[EventCountry "ENG"]
[SourceTitle "EXT 2014"]
[Source "ChessBase"]
[SourceDate "2013.11.20"]
[SourceVersion "1"]
[SourceVersionDate "2013.11.20"]
[SourceQuality "1"]

1. d4 Nf6 2. c4 g6 3. Nc3 Bg7 4. e4 d6 5. f3 0-0 6. Be3 Nbd7 7. Qd2 e5 8. d5 Ne8 9. Nge2 f5 10. b4 fxe4 11. Nxe4 Ndf6 12. N2c3 Nxe4 13. Nxe4 Nf6 14. Bd3 Nxe4 15. Bxe4 Bf5 16. 0-0 Qd7 17. Qc2 Rad8 18. Bxa7 Bxe4 19. fxe4 b6 20. c5 Qb5 21. Rxf8+ Bxf8 22. cxb6 cxb6 23. Qc6 Qxb4 24. Qxb6 Qc3 25. Rf1 Rc8 26. Qf2 Qc4 27. Ra1 Qxe4 28. Qf3 Qa4 29. Bf2 Bg7 30. Qd1 Qf4 31. g3 Qf5 32. a4 Rc2 33. Qe1 e4 34. Rd1 Qf3 35. Rd2 Bc3 36. Rxc2 Bxe1 37. Bxe1 Qd1 38. Rc8+ Kg7 39. Kf1 Qxa4 40. Rc7+ Kh6 41. Bd2+ g5 42. Rc6 Qd1+ 0-1